Catalog

Record Details

Catalog Search



Every breath you take  Cover Image Book Book

Every breath you take / Mary Higgins Clark & Alafair Burke.

Clark, Mary Higgins, (author.). Burke, Alafair, (author.).

Summary:

The fifth collaborative novel in the Under Suspicion series by Mary Higgins Clark and Alafair Burke, takes place at the Met Gala in New York City.

Record details

  • ISBN: 9781501171642
  • ISBN: 150117164X
  • Physical Description: 287 pages ; 24 cm
  • Edition: First Simon & Schuster hardcover edition.
  • Publisher: New York : Simon & Schuster, ©2017.
Subject: Television programs > Fiction.
Television personalities > Fiction.
Missing persons > Investigation > Fiction.
Cold cases (Criminal investigation) > Fiction.
Missing persons > Investigation > Fiction.
Genre: Thrillers (Fiction)
Detective and mystery fiction.

Available copies

  • 1 of 1 copy available at scottsboropl.

Holds

  • 0 current holds with 1 total copy.
Show Only Available Copies
Location Call Number / Copy Notes Barcode Shelving Location Status Due Date
scottsboropl F Cla 32269001029381 Storage - Adult Available -

LDR 01575nam a2200409Ii 4500
001144766
003CONS
00520171103115544.0
008170311s2017 nyu 000 f eng d
020 . ‡a9781501171642 ‡q(hardcover)
020 . ‡a150117164X ‡q(hardcover)
035 . ‡a(CPomAG)LMN602272
043 . ‡an-us-ny
050 4. ‡aPS
08204. ‡a813.54 ‡223
1001 . ‡aClark, Mary Higgins, ‡eauthor.
24510. ‡aEvery breath you take / ‡cMary Higgins Clark & Alafair Burke.
250 . ‡aFirst Simon & Schuster hardcover edition.
264 1. ‡aNew York : ‡bSimon & Schuster, ‡c©2017.
300 . ‡a287 pages ; ‡c24 cm
336 . ‡atext ‡btxt ‡2rdacontent
337 . ‡aunmediated ‡bn ‡2rdamedia
338 . ‡avolume ‡bnc ‡2rdacarrier
4901 . ‡aUnder suspicion ; ‡v5.
520 . ‡aThe fifth collaborative novel in the Under Suspicion series by Mary Higgins Clark and Alafair Burke, takes place at the Met Gala in New York City.
650 0. ‡aTelevision programs ‡vFiction.
650 0. ‡aTelevision personalities ‡vFiction.
650 0. ‡aMissing persons ‡xInvestigation ‡vFiction.
650 0. ‡aCold cases (Criminal investigation) ‡vFiction.
650 1. ‡aMissing persons ‡xInvestigation ‡vFiction.
655 7. ‡aThrillers (Fiction) ‡2lcgft
655 7. ‡aDetective and mystery fiction. ‡2lcgft
7001 . ‡aBurke, Alafair, ‡eauthor.
8001 . ‡aClark, Mary Higgins. ‡tUnder suspicion novel ; ‡v5.
914 . ‡aSCP_kt
959 . ‡i32269001029381 ‡lF Cla ‡aAdult - Fiction ‡tFiction ‡g27.00
852 . ‡p32269001029381 ‡jF Cla ‡gAdult - Fiction ‡cFiction ‡y27.00 ‡bSBPL
901 . ‡a144766 ‡bUnknown ‡c144766 ‡tbiblio

Additional Resources